| 000 | 00529nam a22001817a 4500 | ||
|---|---|---|---|
| 008 | 190217b xxu||||| |||| 00| 0 eng d | ||
| 020 | _a978-0-241-25740-1 | ||
| 082 |
_a158 _bB812d |
||
| 100 | _aBrown, Brene | ||
| 245 | _aDaring greatly; how the courage to be vulnerable transforms the way we live, love, parent and lead.- | ||
| 260 |
_aUK: _bPenguin Life, _c2015 |
||
| 300 | _b287p. | ||
| 504 | _aBibliography: p. 265-276 | ||
| 650 |
_aApplied psychology _9567 |
||
| 650 | _aCourage | ||
| 650 | _aRisk | ||
| 942 |
_2ddc _cGEN |
||
| 999 |
_c84226 _d84215 |
||